000 00903nam a2200253 a 4500
001 82138
003 BD-RjUL
005 20231017110217.0
008 231018s1922 ua 000 0 p d
035 _a(BD-RjUL) 82138
040 _aNNL
_bara
_cBD-RjUL
041 _aper
082 _223
_a150
_bSII 1922
100 _aسياسي, علي اكبر ;; Siasi, Ali Akbar
_99608
245 1 0 _aعلم النفس :
_b يا روان شناسي ;; ilm alnafs : ya ruan shunasi /
_cعلي اكبر سياسي ;; Ali Akbar S iasi
250 _aالطبعة الثالثة
260 _atehran :
_bChhapkhanah Dasgah،
_c1341 1922
300 _a525، ط[=٩]ص.
_c23 cm
490 _aانتشارات دانشگاه تهران ;
_v139
650 _aPsychology
650 _aعلم الأمراض النفسية
_99609
830 _aانتشارات دانشگاه تهران
_v139
_96520
942 _2ddc
_cBK
999 _c82138
_d82138